000 00280nam a2200109Ia 4500
008 190216s9999||||xx |||||||||||||| ||und||
100 _aDr.Karan Singh
245 0 _aHindi-Bharathiya Rashtreeyatha Ke Agradeed
260 _bMac Millian And Com. Ltd
650 _aHindi
942 _cBK
999 _c15346
_d15346